000
00198nam a22000857a 4500
008
160630b xxu||||| |||| 00| 0 eng d
100
_9
1531
_a
Mohan, V
245
_a
Body Language
260
_a
D
_b
Raja
_c
2003
999
_c
1263
_d
1263